000 00674nam a2200193 4500
001 115824
003 ES-MaACL
005 20230906190552.0
007 t|
008 061121s1937 po r ||||1| fre d
100 1 _aNájera Angulo, Luis.
_984870
245 1 0 _aSur le Phlébotomes de l'Espagne /
_cpar Luis Nájera Angulo.
260 _aLisboa :
_bCasa Portuguesa,
_c1937.
300 _a15 p. 1 lám. ;
_c24 cm.
500 _aExtrait des Comptes rendus du XIIe Congres International de Zoologie. Lésbonne 1935.
711 1 _aCongres International de Zoologie (
_cLésbonne (
_d1935) (
_n. 12º)
_9217960
852 _aES-MaACL
_j1825-F-5
_bR.16879
999 _c115824
_d115824